[Event "Carvalho Memorial op 9th"]
[Site "Juazeiro do Norte"]
[Date "2014.09.21"]
[Round "5"]
[White "De Gois, Remir Novaes"]
[Black "Rocha, Vitor Firmo de Souz"]
[Result "0-1"]
[WhiteElo "1837"]
[BlackElo "1993"]
[PlyCount "80"]
[EventDate "2014.09.19"]
[EventType "swiss"]
[EventRounds "6"]
[EventCountry "BRA"]
[SourceTitle "CBM 162 Extra"]
[Source "ChessBase"]
[SourceDate "2014.10.17"]
[SourceVersion "1"]
[SourceVersionDate "2014.10.17"]
[SourceQuality "1"]

1. e4 e6 2. d4 d5 3. e5 c5 4. c3 Qb6 5. Nf3 Bd7 6. Be2 Bb5 7. 0-0 Bxe2 8. Qxe2 Qa6 9. Qc2 Nc6 10. Be3 b6 11. Nbd2 Rc8 12. dxc5 bxc5 13. Ng5 h6 14. Nxe6 fxe6 15. Qg6+ Kd7 16. Qf7+ Nge7 17. f4 Nd8 18. Qh5 Qd3 19. Rf3 Nf5 20. Nf1 Nxe3 21. Nxe3 g6 22. Qh3 Qe4 23. Rd1 Kc7 24. Qg3 Kb7 25. c4 d4 26. Ng4 Be7 27. Ra3 Rc6 28. Nf2 Qe2 29. Qxg6 Rb6 30. b3 h5 31. g3 Rf8 32. Rd3 h4 33. Ra5 hxg3 34. Qxg3 Qe1+ 35. Kg2 Qxa5 36. a4 Qe1 37. Qf3+ Nc6 38. Rd1 Rg8+ 39. Kh3 Qe3 40. Qxe3 dxe3 0-1

[Event "Serra Talhada op"]
[Site "Serra Talhada"]
[Date "2012.11.17"]
[Round "5"]
[White "De Gois, Remir Novaes"]
[Black "De Oliveira, Hebert Silva"]
[Result "0-1"]
[WhiteElo "1842"]
[BlackElo "2140"]
[PlyCount "110"]
[EventDate "2012.11.15"]
[EventType "swiss"]
[EventRounds "7"]
[EventCountry "BRA"]
[SourceTitle "CBM 151 Extra"]
[Source "ChessBase"]
[SourceDate "2012.12.18"]
[SourceVersion "1"]
[SourceVersionDate "2012.12.18"]
[SourceQuality "1"]

1. e4 c5 2. f4 d6 3. Nf3 Nf6 4. Bc4 e6 5. d3 Be7 6. 0-0 0-0 7. a3 Nc6 8. c3 Qb6 9. e5 Nd5 10. d4 Nc7 11. Qd3 Rd8 12. Ng5 Bxg5 13. fxg5 cxd4 14. g6 hxg6 15. cxd4 dxe5 16. Qf3 Rf8 17. Kh1 exd4 18. Bf4 Ne8 19. Nd2 Nf6 20. b4 Ne7 21. Be5 Ned5 22. Bxd5 Nxd5 23. Ne4 f6 24. Bd6 Rd8 25. Bc5 Qc7 26. Bxd4 e5 27. Rac1 Qd7 28. Ba1 Qg4 29. Nc3 Qxf3 30. Rxf3 Nxc3 31. Rfxc3 Bd7 32. Re3 Bc6 33. Kg1 Rd2 34. Rg3 Kf7 35. Bc3 Ra2 36. Be1 Rd8 37. h3 a6 38. Bc3 Rxa3 39. Bxe5 Rxg3 40. Bxg3 Rd4 41. Be1 Re4 42. Kf2 Rf4+ 43. Kg3 Re4 44. Kf2 g5 45. Rc5 g4 46. h4 g3+ 47. Kf1 Bb5+ 48. Rxb5 axb5 49. Bxg3 Rxb4 50. Ke2 Rd4 51. Bf2 Rd7 52. Bc5 Rd5 53. Ba3 Rd4 54. g3 b4 55. Bb2 Rg4 0-1

[Event "Carvalho Memorial op"]
[Site "Juazeiro do Norte"]
[Date "2012.10.12"]
[Round "1"]
[White "Abreu, Nilton Silva"]
[Black "De Gois, Remir Novaes"]
[Result "1-0"]
[WhiteElo "2062"]
[BlackElo "1842"]
[PlyCount "115"]
[EventDate "2012.10.12"]
[EventType "swiss"]
[EventRounds "6"]
[EventCountry "BRA"]
[SourceTitle "EXT 2013"]
[Source "ChessBase"]
[SourceDate "2012.11.22"]
[SourceVersion "1"]
[SourceVersionDate "2012.11.22"]
[SourceQuality "1"]

1. Nf3 c5 2. e4 Nc6 3. d4 cxd4 4. Nxd4 e5 5. Nb3 Nf6 6. Bg5 h6 7. Bxf6 Qxf6 8. a3 b6 9. Nc3 Qd6 10. Bd3 Bb7 11. Qe2 Nd4 12. Nxd4 exd4 13. Nb5 Qe5 14. 0-0 g5 15. c3 Bd6 16. Nxd6+ Qxd6 17. cxd4 Qxd4 18. Rad1 Qe5 19. Qh5 Qxb2 20. Bc4 Qf6 21. Bxf7+ Qxf7 22. Qxf7+ Kxf7 23. Rxd7+ Ke6 24. Rxb7 Rhb8 25. Rc7 Rd8 26. f3 a5 27. Rb1 Rd6 28. Rb7 Ra6 29. Kf2 Rc6 30. Rb5 Kd6 31. Rh7 Rc2+ 32. Kg3 Kc6 33. Rb3 a4 34. Rxh6+ Kc5 35. Rd3 Kc4 36. Rd5 Kb3 37. Rb5+ Kxa3 38. Rhxb6 Rc6 39. Rxa6 Rxa6 40. Rb1 Ka2 41. Rd1 Kb2 42. Kg4 Ra5 43. h4 gxh4 44. Kxh4 a3 45. f4 Rc5 46. Rd8 Rc4 47. f5 Rxe4+ 48. Kg5 Ra4 49. Rd2+ Kc3 50. Ra2 Kd4 51. f6 Ke5 52. f7 Ra8 53. Rxa3 Rxa3 54. f8Q Rg3+ 55. Kh4 Rxg2 56. Qb8+ Kf5 57. Qb1+ Ke6 58. Qe4+ 1-0

[Event "Carvalho Memorial op"]
[Site "Juazeiro do Norte"]
[Date "2012.10.12"]
[Round "2"]
[White "De Gois, Remir Novaes"]
[Black "Leite, Joao Carlos Zirpoli"]
[Result "1-0"]
[WhiteElo "1842"]
[BlackElo "1741"]
[PlyCount "59"]
[EventDate "2012.10.12"]
[EventType "swiss"]
[EventRounds "6"]
[EventCountry "BRA"]
[SourceTitle "EXT 2013"]
[Source "ChessBase"]
[SourceDate "2012.11.22"]
[SourceVersion "1"]
[SourceVersionDate "2012.11.22"]
[SourceQuality "1"]

1. e4 e5 2. f4 d6 3. Nf3 b6 4. Bc4 Be6 5. Bxe6 fxe6 6. fxe5 dxe5 7. Nxe5 Qh4+ 8. Kf1 Qxe4 9. Qf3 Qxf3+ 10. Nxf3 Na6 11. c3 Nc5 12. Ke2 Nf6 13. d4 Nce4 14. Nbd2 Be7 15. Nxe4 Nxe4 16. Re1 0-0 17. Kd3 Nf2+ 18. Kc2 Bd6 19. Rxe6 Rae8 20. Rxe8 Rxe8 21. Bd2 Ng4 22. Re1 Rxe1 23. Bxe1 Ne3+ 24. Kd3 Nxg2 25. Bg3 Nf4+ 26. Ke4 Ne6 27. Bxd6 cxd6 28. Kd5 Kf7 29. Kxd6 g5 30. d5 1-0